| 000 | 00574nam a2200193Ia 4500 | ||
|---|---|---|---|
| 005 | 20250326142851.0 | ||
| 008 | 250326s9999 xx 000 0 und d | ||
| 020 | _a0-8058-2844-3 | ||
| 037 | _aTextbook | ||
| 040 |
_aFMSL _beng _cFMSL |
||
| 041 |
_aeng _2eng |
||
| 084 |
_aX:82 P1 _qFMSL |
||
| 100 |
_aSalas E _9746772 |
||
| 245 | 0 |
_aImproving teamwork in organizations : applications of resource management trainging _cSalas E And Others |
|
| 260 |
_aLondon _bLondon, L E A _c2001 |
||
| 300 | _axi,356 | ||
| 942 |
_cTB _hX:82 P1 |
||
| 999 |
_c1297020 _d1297020 |
||